01480nam a2200277 a 450000100100000000500170001000800410002704000250006808200150009310000550010824500680016326000340023130000280026550000630029350400300035650504130038659000260079965000230082565000280084865000330087665000390090971000860094891000380103495201130107299900170118500002229220260420170825.0100922s1995 dr a r 000 0 spa d aDO-SdBNPbspacBNPHU a301bM385n1 aMartínez Almanzar, Juan Franciscod1950 -91045910aNociones de sociología /cJuan Francisco Martínez Almanzar. aSanto Domingo :bCAIS,c1995. a181 p. :bil. ;c21 cm. aIncluye datos biográficos del autor en la contracubierta aBibliografías : 179-1810 aCiencia y conocimiento - La sociedad - La sociología - La cultura y las pautas culturales - Los grupos sociales - La religión - El comportamiento colectivo - La familia, el matrimonio y el divorcio - Sociología jurídica - Los procesos electorales y las farsas - Actividades - Trabajo de investigación - Datos sobresalientes de presidentes dominicanos - Referencias bibliográficas por capítulos. aInventariado, 2018/VM 0aSociología91061 0aCiencias sociales91065 0a Ciencia -xMetodología93 0aJurisprudencia sociológica9407110aCentro de Adiestramiento e Investigación Social (República Dominicana)946052 aValidado. Control de calidad. MFF 0010718PDaPDbPDcHDd2010-09-22iLF1l0o301 M385np22292-10r2020-06-25w2020-06-25yLFPDZNo se presta c21790d21790